Keakraban

Bibliographic Details
Main Author: Mohamad Noor
Format: Book
Published: Selangor : Bright Publications , 2009
Series:Siri persahabatan murni ; 4
Subjects:

MARC

LEADER 00000cam a2200000 7i4500
001 0000030263
005 20151222.0
008 110118
020 |a 9833124190 
090 0 0 |a JF   |b MAL 
100 0 |a Mohamad Noor 
245 1 0 |a Keakraban   |c Mohamad Noor 
260 |a Selangor :   |b Bright Publications ,   |c 2009 
440 |a Siri persahabatan murni ; 4 
500 |a Children ages 10-12 years old (pink) 
650 0 |a Malay fiction 
999 |a 0001064894   |b Book   |c Children Collection   |e Cawangan Bandar Penawar 
999 |a 0001065161   |b Book   |c Children Collection   |e Cawangan Taman Universiti 
999 |a 0001065706   |b Book   |c Children Collection   |e Cawangan Segamat 
999 |a 0001065916   |b Book   |c Children Collection   |e Cawangan Bukit Gambir 
999 |a 0001066134   |b Book   |c Children Collection   |e Cawangan Bandar Tenggara 
999 |a 0001066274   |b Book   |c Children Collection   |e Cawangan Tangkak 
999 |a 0001066758   |b Book   |c Children Collection   |e Cawangan Mersing 
999 |a 0001066912   |b Book   |c Children Collection   |e Perbadanan Perpustakaan Awam Johor 
999 |a 0001141139   |b Book   |c Children Collection   |e Perbadanan Perpustakaan Awam Johor 
999 |a 0001141140   |b Book   |c Children Collection   |e Perbadanan Perpustakaan Awam Johor 
999 |a 0001141141   |b Book   |c Children Collection   |e Perbadanan Perpustakaan Awam Johor